Revista jurídica de Catalunya : Jurisprudència / Jurisprudència /
Publicado:
Barcelona :
Ilustre Colegio de Abogados de Barcelona : Academia de Jurisprudencia y Legislación ,
1971
Descripción Física:
v. ; periodicitat: trimestral ; 25 cm
Idioma:
Catalán , Español
MARC
| LEADER | 00000nas a2200000 a 4500 | ||
|---|---|---|---|
| 001 | 28269, 28270, 28271, 28272, 28273, 28274 | ||
| 003 | AGDB | ||
| 005 | 20260324181507.0 | ||
| 008 | 160829s1971 - xx 000 0 cat d | ||
| 017 | |a B 3029-1958 | ||
| 022 | |a 0210-4288 | ||
| 040 | |a agdb |b cat | ||
| 041 | |a cat |a spa | ||
| 245 | |a Revista jurídica de Catalunya : |b Jurisprudència / |c Il·lustre Col·legi d'Advocats de Barcelona, Acadèmia de Jurisprudència i Legislació de Catalunya | ||
| 246 | |a Revista jurídica de Cataluña : |b Jurisprudencia | ||
| 260 | |a Barcelona : |b Ilustre Colegio de Abogados de Barcelona : |b Academia de Jurisprudencia y Legislación ; |c [1971- ] | ||
| 300 | |a v. ; |b periodicitat: trimestral ; |c 25 cm | ||
| 546 | |a Text en castellà fins 1982 (Revista jurídica de Cataluña. Jurisprudencia / Ilustre Colegio de Abogados y de la Academia de Jurisprudencia y Legislación de Barcelona). A partir de 1982, sempre en català. | ||
| 556 | |a Suplement de: Revista jurídica de Catalunya. | ||
| 590 | |a Descripció basada en: any 77, núm. 4 (1978). | ||
| 590 | |a Alguns anys (1980-1982) es publiquen 5 números, en comptes de 4. | ||
| 650 | |a Jurisprudència |x Catalunya |x Revistes |9 39668 | ||
| 650 | |a Dret |x Catalunya |x Revistes |9 39667 | ||
| 655 | 0 | |9 55823 |a Revistes | |
| 710 | |a Col·legi d'Advocats de Barcelona |9 11623 | ||
| 710 | 2 | |a Acadèmia de Jurisprudència i Legislació de Catalunya |9 55092 | |
| 866 | |a 1978 (4) | ||
| 866 | |a 1979 (1-4) | ||
| 866 | |a 1980 (1-5) | ||
| 866 | |a 1981 (1-5) | ||
| 866 | |a 1982 (1-5) | ||
| 866 | |a 1983 (1-4) | ||
| 866 | |a 1984 (1-4) | ||
| 866 | |a 1985 (2-4) | ||
| 866 | |a 1986 (1-4) | ||
| 866 | |a 1987 (1-4) | ||
| 866 | |a 1988 (1-4) | ||
| 866 | |a 1989 (2-4) | ||
| 866 | |a 1990 (1-4) | ||
| 866 | |a 1991 (1-4) | ||
| 866 | |a 1992 (1-2, 4) | ||
| 866 | |a 1993 (1-3) | ||
| 901 | |a Arxiu | ||
| 942 | |n 1 |2 udc |c REV | ||
| 952 | |0 0 |1 0 |4 0 |6 REV2314 |7 1 |9 45142 |a Arxiu |b Arxiu |d 2016-12-01 |h Any 77, núm. 4 (octubre/desembre 1978) -- Any 79, núm. 5 ([octubre/desembre] 1980) |o Rev-2314 |p 28269 |r 2016-12-01 00:00:00 |w 2016-12-01 |y ARXIU | ||
| 952 | |0 0 |1 0 |4 0 |6 REV2315 |7 1 |9 96225 |a Arxiu |b Arxiu |d 2023-09-04 |h Any 80, núm. 1 ([gener/març] 1981) -- Any 81, núm. 3 ([juliol/setembre] 1982) |l 0 |o Rev-2315 |p 28270 |r 2023-09-04 00:00:00 |w 2023-09-04 |y ARXIU | ||
| 952 | |0 0 |1 0 |4 0 |6 REV2316 |7 1 |9 96226 |a Arxiu |b Arxiu |d 2023-09-05 |h Any 81, núm. 4 ([juliol/setembre] 1982) -- Any 83, núm. 4 (octubre/desembre 1984) ; Any 84, núm. 2 (abril/juny 1985) |l 0 |o Rev-2316 |p 28271 |r 2023-09-05 00:00:00 |w 2023-09-05 |y ARXIU | ||
| 952 | |0 0 |1 0 |4 0 |6 REV2317 |7 1 |9 96227 |a Arxiu |b Arxiu |d 2023-09-05 |h Any 84, núm. 3 (juliol/setembre 1985) -- Any 87, núm. 2 (abril/juny 1988) |l 0 |o Rev-2317 |p 28272 |r 2023-09-05 00:00:00 |w 2023-09-05 |y ARXIU | ||
| 952 | |0 0 |1 0 |4 0 |6 REV2318 |7 1 |9 96228 |a Arxiu |b Arxiu |d 2023-09-05 |h Any, 87, núm. 3 (juliol/setembre 1988) -- Any 87, núm. 4 (octubre/desembre 1988) ; Any 88, núm. 2 (abril/juny 1989) -- Any 90, núm. 1 (gener/març 1991) |l 0 |o Rev-2318 |p 28273 |r 2023-09-05 00:00:00 |w 2023-09-05 |y ARXIU | ||
| 952 | |0 0 |1 0 |4 0 |6 REV2319 |7 1 |9 96229 |a Arxiu |b Arxiu |d 2023-09-06 |h Any 90, núm. 2 (abril/juny 1991) -- Any 91, núm. 2 (abril/juny 1992) ; Any 91, núm. 4 (octubre/desembre 1992) -- Any 92, núm. 3 (juliol/setembre 1993) |l 0 |o Rev-2319 |p 28274 |r 2023-09-06 00:00:00 |w 2023-09-06 |y ARXIU | ||
| 999 | |c 48097 |d 48097 | ||